| 000 | 01189cad a22002775a 4500 | ||
|---|---|---|---|
| 001 | L160108 | ||
| 008 | 100611s2009 xxk f 000 0 eng d | ||
| 035 | _a(Sirsi) u160108 | ||
| 041 | 0 | _aeng | |
| 110 | 2 | _aFederation International Des Geometres | |
| 111 | 2 |
_aFIG Regional Conference _bHanoi, Vietnam _d19-22 October 2009 |
|
| 245 | 0 | 0 |
_aSpatial Data Infrastructure and the Environment of Urban Areas _h[electronic resource] |
| 260 |
_aHanoi _bFIG _c2009 |
||
| 520 | _aSummarizes the results of FIG Commission 3 working group WG3.2 'Using Spatial Data Infrastructures to Manage Cities' obtained so far to identify relevant spatial tools that will support development and use of spatial data infrastructure (SDI) by city authorities in the world?s largest cities. | ||
| 521 | _aAdvanced | ||
| 590 | _aKA | ||
| 650 | 2 | 4 | _aSPATIAL DATA MANAGEMENT |
| 650 | 2 | 4 |
_aEnvironment _96238 |
| 651 | 4 | _aInternational | |
| 690 |
_aLand use _96251 |
||
| 700 | 1 | _aKelly, Paul | |
| 700 | 1 | _aMcLaren, Robin | |
| 700 | 1 | _aMueller, Hartmut | |
| 856 | 4 | 0 |
_uhttps://www.rics.org/Global/Downloads/RICS_FIG_Spatial_Data_Infrastructure.pdf _zView the paper free of charge at www.rics.org |
| 942 | _n0 | ||
| 999 |
_c116223 _d116223 |
||